| 000 -LEADER |
| fixed length control field |
01231cam a22002892 4500 |
| 001 - CONTROL NUMBER |
| control field |
523261 |
| 003 - CONTROL NUMBER IDENTIFIER |
| control field |
OSt |
| 005 - DATE AND TIME OF LATEST TRANSACTION |
| control field |
20190819150753.0 |
| 008 - FIXED-LENGTH DATA ELEMENTS--GENERAL INFORMATION |
| fixed length control field |
081004s2008 mau d 000 1 eng |
| 020 ## - INTERNATIONAL STANDARD BOOK NUMBER |
| International Standard Book Number |
9780547223254 |
| 040 ## - CATALOGING SOURCE |
| Original cataloging agency |
DLC |
| Transcribing agency |
DLC |
| Modifying agency |
DLC |
| -- |
TAE |
| 082 ## - DEWEY DECIMAL CLASSIFICATION NUMBER |
| Classification number |
FIC MUR |
| 100 1# - MAIN ENTRY--PERSONAL NAME |
| Personal name |
Murdock, Catherine Gilbert. |
| Relator term |
author |
| 245 10 - TITLE STATEMENT |
| Title |
Princess Ben : |
| Remainder of title |
being a wholly truthful account of her various discoveries and misadventures, recounted to the best of her recollection, in four parts / |
| Statement of responsibility, etc. |
written by Catherine Gilbert Murdock. |
| 260 ## - PUBLICATION, DISTRIBUTION, ETC. |
| Place of publication, distribution, etc. |
Boston, Mass. : |
| Name of publisher, distributor, etc. |
Graphia, |
| Date of publication, distribution, etc. |
©2008. |
| 300 ## - PHYSICAL DESCRIPTION |
| Extent |
344 p. ; |
| Dimensions |
21 cm. |
| 500 ## - GENERAL NOTE |
| General note |
Originally published: Boston : Houghton Mifflin, 2008. |
| 520 ## - SUMMARY, ETC. |
| Summary, etc. |
A girl is transformed, through instruction in life at court, determination, and magic, from sullen, pudgy, graceless Ben into Crown Princess Benevolence, a fit ruler of the kindgom of Montagne as it faces war with neighboring Drachensbett. |
| 521 1# - TARGET AUDIENCE NOTE |
| Target audience note |
13- |
| 650 #1 - SUBJECT ADDED ENTRY--TOPICAL TERM |
| Topical term or geographic name entry element |
Magic |
| Form subdivision |
Fiction. |
| 650 #1 - SUBJECT ADDED ENTRY--TOPICAL TERM |
| Topical term or geographic name entry element |
Courts and courtiers |
| Form subdivision |
Fiction. |
| 650 #1 - SUBJECT ADDED ENTRY--TOPICAL TERM |
| Topical term or geographic name entry element |
Self-actualization (Psychology) |
| Form subdivision |
Fiction. |
| 650 #1 - SUBJECT ADDED ENTRY--TOPICAL TERM |
| Topical term or geographic name entry element |
Fairy tales. |
| 650 #1 - SUBJECT ADDED ENTRY--TOPICAL TERM |
| Topical term or geographic name entry element |
Princesses |
| Form subdivision |
Fiction. |
| 650 #1 - SUBJECT ADDED ENTRY--TOPICAL TERM |
| Topical term or geographic name entry element |
Kings, queens, rulers, etc. |
| Form subdivision |
Fiction. |
| 942 ## - ADDED ENTRY ELEMENTS (KOHA) |
| Source of classification or shelving scheme |
|
| Koha item type |
Books - Fiction |